| 000 | 00379nam a2200157 i 4500 | ||
|---|---|---|---|
| 001 | bg | ||
| 100 | 1 | _aKOWALSKI, Stanisław | |
| 245 | 0 |
_aSocjologia wychowania w zarysie / _cS. Kowalski. |
|
| 260 |
_aWarszawa, _c1986. |
||
| 650 | 9 |
_aWychowanie _xsocjologia |
|
| 040 | _cBPK | ||
| 041 | _apol | ||
| 080 | _a371:316 | ||
| 942 | _cKS | ||
| 008 | s pl f |000 0 pol | ||
| 999 |
_c23477 _d23477 |
||
| 856 |
_uhttp://koha.tu.koszalin.pl/cgi-bin/koha/opac-detail.pl?biblionumber=23477 _yKatalog online BPK |
||